Welcome to CU Library Online Public Access Catalogue (OPAC)

Clinical pharmacy and therapeutics / (Record no. 4252)

MARC details
000 -LEADER
fixed length control field 00763cam a2200253 a 4500
001 - CONTROL NUMBER
control field 2961827
005 - DATE AND TIME OF LATEST TRANSACTION
control field 20250223211306.0
008 - FIXED-LENGTH DATA ELEMENTS--GENERAL INFORMATION
fixed length control field 911016s1992 mdua b 001 0 eng c
020 ## - INTERNATIONAL STANDARD BOOK NUMBER
International Standard Book Number 0683039660
050 00 - LIBRARY OF CONGRESS CALL NUMBER
Classification number RM262
Item number .C5 1992
082 00 - DEWEY DECIMAL CLASSIFICATION NUMBER
Classification number 615.5/8
Edition information 20
245 00 - TITLE STATEMENT
Title Clinical pharmacy and therapeutics /
Statement of responsibility, etc. editors, Eric T. Herfindal, Dick R. Gourley, Linda Lloyd Hart.
250 ## - EDITION STATEMENT
Edition statement 5th ed.
260 ## - PUBLICATION, DISTRIBUTION, ETC.
Place of publication, distribution, etc. Baltimore :
Name of publisher, distributor, etc. Williams & Wilkins,
Date of publication, distribution, etc. c1992.
300 ## - PHYSICAL DESCRIPTION
Extent xix, 1628 p. :
Other physical details ill. ;
Dimensions 29 cm.
650 #0 - SUBJECT ADDED ENTRY--TOPICAL TERM
Topical term or geographic name entry element Chemotherapy.
650 #0 - SUBJECT ADDED ENTRY--TOPICAL TERM
Topical term or geographic name entry element Therapeutics.
650 #2 - SUBJECT ADDED ENTRY--TOPICAL TERM
Topical term or geographic name entry element Drug Therapy.
650 #2 - SUBJECT ADDED ENTRY--TOPICAL TERM
Topical term or geographic name entry element Therapeutics.
700 1# - ADDED ENTRY--PERSONAL NAME
Personal name Herfindal, Eric T.
700 1# - ADDED ENTRY--PERSONAL NAME
Personal name Gourley, D. R.
Fuller form of name (Dick R.),
Dates associated with a name 1944-
700 1# - ADDED ENTRY--PERSONAL NAME
Personal name Hart, Linda Lloyd.
942 ## - ADDED ENTRY ELEMENTS (KOHA)
Source of classification or shelving scheme Library of Congress Classification
Koha item type Books
Edition 5th ed.
Suppress in OPAC No
999 ## -
-- 4252
-- 4252
Holdings
Withdrawn status Lost status Source of classification or shelving scheme Damaged status Not for loan Collection Home library Current library Shelving location Date acquired Total checkouts Full call number Barcode Date last seen Copy number Price effective from Koha item type
    Library of Congress Classification     Non-fiction Science Library (Miotso) Science Library (Miotso) General stacks 02/23/2025   RM262 .C5 CLI SLM00003986 02/23/2025 1 02/23/2025 Books
© 2023-2024 Copyright: Central University Libraries. All Rights Reserved | Created by: Mahone Tech Office